| 000 | 00472nmm a2200157Ia 4500 | ||
|---|---|---|---|
| 008 | 251105s9999||||xx |||||||||||||||||und|| | ||
| 020 | _a9789875918436 | ||
| 041 | _aspa | ||
| 100 | _aBevione, Julio | ||
| 245 | 0 | _a¡Respira!: el arte de transformarlo todo | |
| 264 |
_a[Buenos Aires, Argentina] : _bEditorial Brujas, _c2017 |
||
| 300 | _a174 páginas | ||
| 650 | _aMind, body and spirituality | ||
| 856 | _uhttps://public.digitaliapublishing.com/a/51161 | ||
| 942 | _cCF | ||
| 999 |
_c97552 _d97552 |
||